Proving programs correct /

Guardado en:
Autor Principal: Anderson, Robert Brockett, 1941-
Formato: Libro
Idioma:English
Publicado: New York : Wiley, c1979.
Materias:
Etiquetas: Agregar Etiqueta
Sin Etiquetas, Sea el primero en etiquetar este registro!
LEADER 00675pam a2200217 a 4500
001 MAT.inmabb005823
008 780501s1979####nyua#####b####001#0#eng##
005 20160602164306.0
245 1 0 |a Proving programs correct /  |c Robert B. Anderson. 
260 |a New York :  |b Wiley,  |c c1979. 
300 |a viii, 184 p. :  |b il. ;  |c 23 cm. 
504 |a Bibliografía: p. 170-182. 
500 |a Incluye índice. 
020 |a 0471033952 
100 1 |a Anderson, Robert Brockett,  |d 1941- 
650 0 |a Computer programs  |x Testing. 
650 0 |a Debugging in computer science. 
084 |a 68Q60  |2 msc2000 
010 |a  78009321  
040 |a DLC  |c DLC  |d DLC 
859 |h 68  |i An545  |p A-4870  |b BIB. MATEMATICA